00952nam a22002531a 450000100060000000300080000600500170001400800410003103500190007203500200009104000220011104100080013308200180014110000560015924500960021526000600031130000210037149000620039250400500045465000270050494200120053199900170054395201380056032539BD-RjUL20211209051843.0140427s1956 enk b 001 0 eng d a(BD-RjUL)32628 a(OCoLC)34828737 aDLCcWUdDLCbeng aeng04a295bZAT 19561 aZaehner, R. C.q(Robert Charles),d1913-197499900414aThe teachings of the magi :ba compendium of Zoroastrian beliefs /cRobert Charles Zaehner. aLondon :bAllen & Unwin;aNew York :bMacmillan,c1956. a156 p. ;c19 cm.0 aEthical and religious classics of East and West ;vno. 14 aIncludes bibliography : p. 151-152. and Index 0aZoroastrianism.999005 2ddccBK c32539d32539 00102ddc40718NFICaRUCLbRUCLcReadingd1956-09-12ePak Americang8.90l0o295 ZAT 1956r2014-04-27 00:00:00tC-1w2014-04-27yBK